[Event "Bundesliga 0304"]
[Site "Germany"]
[Date "2004.04.25"]
[Round "15.1"]
[White "Ftacnik, Lubomir"]
[Black "Anand, Viswanathan"]
[Result "0-1"]
[WhiteElo "2585"]
[BlackElo "2774"]
[Annotator "Ftacnik,L"]
[PlyCount "74"]
[EventDate "2003.11.01"]
[EventType "team-tourn"]
[EventRounds "15"]
[EventCountry "GER"]
[SourceTitle "CBM 101"]
[Source "ChessBase"]
[SourceDate "2004.07.27"]
[SourceVersion "1"]
[SourceVersionDate "2004.07.27"]
[SourceQuality "1"]
[WhiteTeam "Hamburger SK"]
[BlackTeam "Baden Oos"]
[WhiteTeamCountry "GER"]
[BlackTeamCountry "GER"]

1. d4 Nf6 2. Nf3 e6 3. c4 b6 4. g3 Ba6 5. Nbd2 d5 6. cxd5 exd5 7. Bg2 Bd6 8.
O-O O-O 9. Ne5 Qe8 10. Ndc4 $5 {[%mdl 4] Both players toy with considerable
risk. Anand has revealed, that the variation was not prepared and he played it
out of immediate inspiration.} (10. Ndf3 Ne4 11. Bf4 Qb5 12. Nd3 Bxf4 13. a4
Qd7 14. Nxf4 Nc6 15. Ne5 Nxe5 16. dxe5 Rad8 17. Qc2 Bb7 18. Rad1 f5 19. exf6
Nxf6 20. b4 Rfe8 $11 {1/2-1/2 Ftacnik,L-Granda Zuniga,J/Yerevan 1996/ (60)})
10... dxc4 (10... Be7 11. Ne3 Bd6 12. Nxd5 Nxd5 13. Bxd5 c6 14. Bf3 Bxe5 15.
dxe5 Qxe5 16. Qc2 $14) 11. Bxa8 c6 12. Qc2 {It seems that this move is not the
best line, but the main idea 12.b3! allows an easy draw for black.} (12. e4
Bxe5 13. dxe5 Qxe5 14. Re1 Qe6 15. Qa4 Nfd7 16. Qa3 Nc5 17. b4 Nd3 18. Bf4 Nxe1
19. Rxe1 b5 20. Qe3 Qc8 21. Bxb8 Qxb8 22. Bxc6 Qd6 23. Bd5 Qxb4 $17 {0-1
Tregubov,P-Kalugin,S/Krasnodar 1998/ (38)}) (12. Qa4 Bxe5 (12... b5 13. Qa5 Nd5
14. Bxc6 Nxc6 15. Qxa6 Bxe5 16. dxe5 (16. Qxb5 Nc7 17. Qxc4 Nxd4 $11) 16... Nd4
17. e4 Nb4 18. Qd6 Nbc2 19. Rb1 $16) 13. dxe5 Nd5 14. Rd1 Nc7 15. Bb7 Bxb7 16.
Qxa7 Qc8 17. Qxb6 Ne6 18. Bd2 Nd7 19. Qe3 c5 20. Bc3 Re8 $15) (12. b3 c3 $1 (
12... Bxe5 13. dxe5 Qxe5 14. Bf4 Qe6 15. Qd6 Qxe2 16. Rfe1 Qf3 17. Re3 $14) (
12... cxb3 13. axb3 Bxe5 14. dxe5 Nd5 15. Ba3 Nc3 16. Qd6 $16) 13. Nc4 (13. Qc2
Nd5 (13... Bxe5 14. dxe5 Qxe5 15. Bf4 Qe6 16. Qxc3 Nd5 17. Qc1 Nxf4 18. Qxf4
Nd7 19. Qa4 Bxe2 20. Qxc6 Bxf1 21. Rxf1 $11) 14. Nc4 Be7 15. Bf4 f5 16. Bxb8
Qxb8 17. Bxc6 Nb4 18. Qxc3 Nxc6 $11) 13... Bxc4 14. bxc4 Qc8 15. d5 (15. e4
Nbd7 16. e5 Nxe5 17. c5 bxc5 18. dxe5 Bxe5 19. Qc2 Qxa8 $15) 15... Qh3 16. f3
$8 Bxg3 17. hxg3 Qxg3+ 18. Kh1 Qh3+ $11 {Anand was realying on this drawing
motif in case nothing better could be found.}) 12... Bxe5 $1 (12... Nd5 13.
Nxc4 Nb4 14. Nxd6 (14. Qc3 Qxe2 15. b3 Nd5 16. Qb2 Bxc4 17. bxc4 Qxc4 18. Be3
$14) 14... Nxc2 15. Nxe8 Rxe8 16. Bf4 Bxe2 17. Rfc1 Nxa1 18. Rxa1 $16) 13. dxe5
Nd5 14. b3 (14. Qa4 Nc7 15. Bb7 Bxb7 16. Qxa7 Qc8 17. Qxb6 Nd7 18. Qa5 c5 $15)
(14. b4 Nc7 15. b5 Nxb5 16. a4 Nc7 17. Ba3 Nxa8 18. Bxf8 Qxf8 $15) 14... Qe7 $1
(14... Qxe5 15. bxc4 Bxc4 16. Ba3 Nc3 17. Bxf8 Nxe2+ 18. Kg2 $16) (14... Nc7
15. Ba3 Nxa8 16. Bxf8 cxb3 17. axb3 Qxf8 18. Rfd1 $13) 15. bxc4 (15. b4 $5 Nc7
(15... Nxb4 16. Qd2 Rd8 17. Qg5 Qxg5 18. Bxg5 Re8 19. Rfd1 c3 20. a3 Nd5 21.
Bxc6 Nxc6 22. Rxd5 $14) (15... Re8 16. Bb2 Qxb4 $15) 16. b5 Bxb5 (16... Nxb5
17. a4 Nc7 18. Ba3 Qe8 (18... Qxe5 19. Bxf8 Kxf8 20. Qxh7 Nxa8 21. Qh8+ Ke7 22.
Rad1 $16) 19. Bxf8 Qxf8 $15) 17. a4 Ba6 18. Ba3 Qe8 19. Bxf8 Qxf8 20. Rfd1 Nxa8
$15) (15. a4 Re8 16. Ba3 Qxe5 $17) 15... Nc7 16. Bb2 (16. Bxc6 Nxc6 17. Bf4
Nxe5 18. Qe4 f6 $17) 16... Nxa8 17. Rfd1 Nc7 {Black is probably not chosing
the best continuation and I have been critical towards the opponent after the
game. Despite that black has excellent position and genie from India finds
beautiful tricks.} (17... Nd7 $1 18. f4 (18. Rd4 Nc7 $1 (18... Nxe5 19. Re4 f6
20. f4 Qc5+ 21. Bd4 Qxc4 22. Qxc4+ Nxc4 23. Re7 Nd6 24. Rxa7 Bxe2 25. a4 $15)
19. Rad1 Nxe5 20. Re4 f6 21. f4 Qc5+ 22. Bd4 Qxc4 23. Qxc4+ Nxc4 24. Re7 Rf7
25. Bxf6 Rxe7 26. Bxe7 Nd5 27. Bd8 Nce3 28. Rc1 c5 $19) 18... Nc5 (18... Qc5+
19. Rd4 Nc7 20. e3 Bc8 21. Rad1) 19. e4 Bc8 20. Ba3 Bg4 21. Rd2 Nc7 $17) 18.
Rd6 f6 19. Rad1 (19. f4 fxe5 20. Bxe5 Nd7 21. Qe4 Ne8 22. Rd4 c5 23. Qd5+ Qf7
24. Qxf7+ Rxf7 25. Re4 Re7 $19) 19... fxe5 20. Qe4 Qf7 (20... Re8 21. f4 Ne6 $1
(21... exf4 22. Qxe7 Rxe7 23. Rd8+ Kf7 24. gxf4 $1 Bxc4 25. Rxb8 Nd5 26. Be5
$15) 22. Qxe5 (22. Bxe5 Nc5 23. Qc2 Nbd7 24. Ba1 Qxe2 $19) 22... Bxc4 23. a3
Qf7 $17) 21. Rd8 {Objectively the best move was modest 21.f3, the defender has
strong mating motives in the attack against the white king.} (21. f4 exf4 22.
Rd8 Ne6 $1 (22... fxg3 23. Rxf8+ Kxf8 (23... Qxf8 24. hxg3 $13) 24. Rd8+ Ne8
25. hxg3 Nd7 26. Qxc6 Ndf6 $17) 23. Rxf8+ Nxf8 24. Qxf4 Qxf4 25. gxf4 Bxc4 $19)
(21. Qxe5 Ne8 $1 (21... Qxf2+ $2 22. Kh1 Ne8 23. Qe6+ $1 Kh8 24. Rd8 $18) 22.
Rd8 Qxf2+ 23. Kh1 Bxc4 24. h4 Bd5+ $19) (21. f3 Ne6 $1 (21... Bxc4 22. Rd8 $1
Ne6 23. Rxb8 Rxb8 24. Qxc4 Nd4 25. Qxf7+ Kxf7 26. Kf2 (26. Bxd4 exd4 27. Rxd4
Rb7 28. Kf2 c5 $15) 26... c5 27. e3 Nc6 28. Rd7+ Kf8 29. Rc7 $15) 22. Qxe5 Bxc4
23. f4 Nc5 24. Rd8 Nbd7 $19) 21... Qxf2+ 22. Kh1 Ne6 $1 23. Rxf8+ (23. Qxe5
Bxc4 $3 24. Rxb8 Bd5+ 25. e4 Qf3+ 26. Kg1 Qxd1+ $19) 23... Qxf8 24. Bxe5 (24.
Qxe5 Bxc4 $19) 24... Nc5 $1 {White has not achieved anything in the attack due
to the mating threats on f1 and after improving piece coordination Anand wins
easily.} (24... Nd7 25. Qxc6 Ndc5 26. Bd6 Qd8 27. Kg1 Bxc4 $19) 25. Qg4 Nbd7
26. Bb2 (26. Rxd7 $2 Qf1#) 26... Qe7 27. Rd6 h5 (27... Nf8 28. Kg1 h5 29. Qd4
Nce6 30. Qd2 c5 $19) 28. Qd4 Nf6 29. Kg1 (29. Qf4 Nce4 30. Rd4 c5 $19) 29...
Qxe2 30. Rxf6 gxf6 31. Qd8+ $1 {Small shock since black has missed this simple
check. Despite that black elegantly wins with a running excercise towards the
opposite flank.} (31. Qxf6 Qe1+ 32. Kg2 Qe4+ 33. Kg1 Ne6 34. Be5 Bxc4 $19)
31... Kf7 (31... Kh7 $2 32. Qxf6 Qe1+ 33. Kg2 Qe4+ 34. Kg1 $11) 32. Qxf6+ Ke8
33. Qh8+ (33. Qxc6+ Ke7 (33... Nd7 34. Qa8+ Kf7 35. Qd5+ Qe6 36. Qxh5+ Ke7 $19)
34. Qf6+ Kd7 35. Qf7+ Kc8 36. Qf8+ Kc7 37. Qf4+ Kc6 38. Qf6+ Ne6 $19) 33... Kd7
34. Qd4+ Kc7 $1 (34... Kc8 35. Qh8+ Kb7 36. Qg7+ $11) 35. Qf4+ Kc8 36. Qf8+ Kd7
37. Bf6 Bxc4 {Anand is a fascinating player and the magic touch of his play in
the most complicated positions reveals, why he sits on the second position of
the world ranking list.} (37... Bxc4 38. Qd8+ Ke6 39. Qe7+ Kf5 $19) 0-1

[Event "Candidates sf"]
[Site "Elista"]
[Date "2007.06.03"]
[Round "1.7"]
[White "Kasimdzhanov, Rustam"]
[Black "Gelfand, Boris"]
[Result "0-1"]
[WhiteElo "2677"]
[BlackElo "2733"]
[Annotator "Ftacnik,L"]
[PlyCount "78"]
[EventDate "2007.05.27"]
[EventType "k.o."]
[EventRounds "12"]
[EventCountry "RUS"]
[SourceTitle "CBM 119"]
[Source "ChessBase"]
[SourceDate "2007.08.01"]
[SourceVersion "1"]
[SourceVersionDate "2007.08.01"]
[SourceQuality "1"]

1. d4 Nf6 2. c4 e6 3. Nf3 b6 4. g3 Ba6 5. b3 Bb4+ 6. Bd2 Be7 7. Bg2 c6 8. Bc3
d5 9. Ne5 Nfd7 10. Nxd7 Nxd7 11. Nd2 O-O 12. O-O f5 {It is possible, that
after this impressive Black win the popularity of the ambitious move 12...f5
will rise.} 13. Bb2 Bd6 14. Rc1 Rc8 15. Nf3 Qe7 16. Qd2 Nf6 17. Ne5 Ne4 18. Qe3
c5 19. f3 Nf6 20. Kh1 {[%mdl 32] Kasimdzhanov senses the danger and modestly
retreats his king while his opponent is ready for the clarification of the
position.} (20. Rfd1 dxc4 21. bxc4 cxd4 22. Bxd4 Rfd8 $15) (20. f4 Rc7 21. Rc2
Rfc8 22. Rfc1 cxd4 23. Bxd4 Ba3 24. Rd1 (24. Bb2 Bxb2 25. Rxb2 dxc4 $17) 24...
b5 25. c5 Bxc5 26. Bxc5 Rxc5 27. Rxc5 Qxc5 28. Qxc5 Rxc5 {0-1 Donchenko,A 
(2385)-Kiselev,S (2525)/Moscow 1996/ (52)}) 20... cxd4 21. Bxd4 (21. Qxd4 Bxe5
22. Qxe5 dxc4 $17) 21... Bxe5 $1 22. Bxe5 (22. Qxe5 dxc4 23. Bh3 Kf7 $15) 22...
dxc4 23. Qd2 $2 {The transfer of the queen to the a1-h8 diagonal will cost too
much time and also weakens control of the e3 square.} (23. bxc4 Rxc4 24. Rxc4
Bxc4 25. Rc1 Bxa2 26. Rc7 Qd8 27. Bf1 Rf7 $17) 23... Rfd8 24. Qb2 Nd5 25. Bd4 (
25. bxc4 Ne3 26. Rfe1 Nxc4 $17) (25. Rg1 b5 $17) 25... e5 $5 {This nice
tactical operation was probably not necessary; since 25...Qb4 was promising
Gelfand very good chances.} (25... Qb4 26. bxc4 Qxb2 27. Bxb2 Ne3 $17) 26. Bxe5
c3 27. Bxc3 Nxc3 28. Rxc3 Qxe2 29. Rxc8 (29. Qxe2 Bxe2 30. Rxc8 Rxc8 31. Re1
Rc2 $15) 29... Rxc8 30. Qd4 (30. Qxe2 Bxe2 31. Re1 Rc2 32. a3 f4 33. gxf4 Kf7
34. Kg1 Kf6 $15) 30... Qxa2 31. Qd5+ Kh8 32. Rd1 {Rustam was struggling to
find out which variation promises the best chance of survival.} (32. Qxf5 Qxb3
33. Qd7 Ra8 34. Ra1 (34. f4 Bxf1 35. Bxa8 Bb5 36. Qc8+ Qg8 37. Qb7 a5 $17)
34... Qd3 $17) 32... h6 33. f4 (33. Qxf5 Qxb3 34. Qd7 Qc2 35. f4 Bb5 $17) 33...
Qc2 34. Re1 Qf2 35. Rg1 Rc2 36. Qf7 (36. Qxf5 Qxg2+ $1 37. Rxg2 Rc1+ 38. Rg1
Bb7+ $19) (36. Qa8+ Kh7 37. Qxa7 Bd3 38. Qa8 Be4 $19) 36... Bd3 $1 {White's
fate is sealed, Gelfand enjoys not only an extra pawn but also a mating attack.
} 37. h4 Be4 38. Kh2 Rc1 (38... Rc3 39. Qg6 Rc1 $19) 39. Qe8+ Kh7 0-1

[Event "Interzonal-16"]
[Site "Biel"]
[Date "1993.??.??"]
[Round "10"]
[White "Granda Zuniga, Julio E"]
[Black "Lobron, Eric"]
[Result "1/2-1/2"]
[WhiteElo "2605"]
[BlackElo "2575"]
[Annotator "Ftacnik,L"]
[PlyCount "81"]
[EventDate "1993.07.16"]
[EventType "swiss"]
[EventRounds "13"]
[EventCountry "SUI"]
[SourceTitle "CBM 037"]
[Source "ChessBase"]
[SourceDate "1993.12.01"]
[SourceVersion "1"]
[SourceVersionDate "1993.12.01"]
[SourceQuality "1"]

1. d4 Nf6 2. Nf3 e6 3. c4 b6 4. g3 Ba6 5. b3 Bb4+ 6. Bd2 Be7 7. Bg2 Bb7 8. O-O
O-O 9. Nc3 Na6 10. e3 $1 d5 (10... c5) 11. Qe2 c5 12. Rfd1 Qc8 13. Be1 Rd8 14.
cxd5 exd5 15. Rac1 h6 $6 (15... Qe6 $142 $14) 16. Ne5 Qe6 17. f4 cxd4 $6 (17...
Nb4 $142 {/\ Nc6}) 18. Nb5 $1 Bd6 (18... dxe3 19. Nd4 Qd6 20. Nf5 Qa3 (20...
Qe6 21. Bh3) 21. Bc3 Bf8 $8 22. Ng4 $40) 19. Nc6 Re8 20. Ncxd4 Qd7 21. Bh3 Qd8
(21... Qxh3 22. Nxd6 Re7 23. Nxb7 $18) 22. Nxd6 Qxd6 23. Nf5 $16 Qd8 24. b4 $1
Ne4 25. Qb2 f6 $8 (25... Qf6 26. Qxf6 Nxf6 27. Nd6 $18) 26. Qe2 Nd6 27. Qh5 $1
(27. Nd4 $5) 27... Nxf5 28. Bxf5 Rxe3 29. Qg6 $2 (29. Bf2 Qe8 30. Bg6 Qe7 31.
Re1 $1 d4 (31... Rxe1+ $2 32. Rxe1 Qxb4 33. Bd3 {/\ 34. Re8, 34. Qg6+-}) 32.
Bxe3 dxe3 33. Rc3 Qxb4 34. Rcxe3 Qd4 35. Qd1 Qc5 36. Qb3+ Kh8 (36... Bd5 $4 37.
Qxd5+ $18) 37. Qc2 $18) 29... d4 $8 30. Qh7+ Kf8 31. Bg6 Qd5 32. Qh8+ Ke7 $1 (
32... Qg8 $2 33. Qxg8+ Kxg8 34. Rxd4 Re2 35. Bf2 $16) 33. Qxg7+ Kd6 34. Qxf6+
Re6 35. Qxd4 Rxe1+ 36. Kf2 Rxd1 37. Qf6+ Kd7 38. Qg7+ Kd6 (38... Kd8 $4 39.
Qf8+ Kd7 40. Bf5+ $18) 39. Qf6+ Kd7 40. Bf5+ Ke8 41. Bg6+ 1/2-1/2

[Event "Tan Chin Nam Cup 7th"]
[Site "Shanghai"]
[Date "2001.07.18"]
[Round "9"]
[White "Tkachiev, Vladislav"]
[Black "Sokolov, Ivan"]
[Result "1-0"]
[WhiteElo "2642"]
[BlackElo "2659"]
[Annotator "Ftacnik,L"]
[PlyCount "87"]
[EventDate "2001.07.09"]
[EventType "tourn"]
[EventRounds "9"]
[EventCountry "CHN"]
[EventCategory "16"]
[SourceTitle "CBM 085"]
[Source "ChessBase"]
[SourceDate "2001.11.13"]
[SourceVersion "1"]
[SourceVersionDate "2001.11.13"]
[SourceQuality "1"]

1. d4 Nf6 2. c4 e6 3. g3 Bb4+ 4. Bd2 Be7 5. Bg2 d5 6. Nf3 c6 7. Qc2 O-O 8. O-O
b6 9. Rd1 Bb7 10. b3 Na6 11. Nc3 c5 12. Bf4 Qc8 13. cxd5 exd5 (13... Nb4 14.
Qb2 Nfxd5 15. Nxd5 Nxd5 16. Bg5 Bxg5 17. Nxg5 Qd8 18. Nf3 $14) 14. Rac1 Rd8 15.
Qb1 (15. dxc5 bxc5 16. a3 d4 $11) 15... h6 16. Ne5 Qe6 17. Be3 (17. Nd3 Ne4)
17... cxd4 (17... Ne4 18. Nxe4 dxe4 19. Bxe4 Bxe4 20. Qxe4 $14) 18. Bxd4 Ba3
19. Rc2 Bc5 (19... Nb4 20. Rcd2 a6 21. e3 $14) 20. Bxc5 Nxc5 $6 {Sokolov plays
in analogy with similar positions, but at this moment he could have well
afforded the sounder structure with 20...bxc5!?} (20... bxc5 $5 21. Nd3 Bc6 22.
Rcd2 d4 23. Nf4 Qe8 24. Bxc6 Qxc6 $11) 21. Nf3 Nfe4 22. Qb2 Ba6 23. b4 $1 Nxc3
(23... Nd7 $2 24. Nd4 $1 (24. Nxd5 Ndf6 $16) 24... Qd6 25. Bxe4 dxe4 26. b5 Bb7
27. Nc6 $18) 24. Qxc3 Ne4 (24... Bxe2 $2 25. Nd4 Bxd1 26. Nxe6 Nxe6 27. Rd2 $16
) 25. Qe3 Rac8 26. Nd4 Qe8 27. Rdc1 Rxc2 28. Rxc2 {All white pieces are
somewhat better and isolated pawn on d5 can become a headache in many endgames.
} Qa4 (28... Rc8 29. Rxc8 Bxc8 30. f3 Nf6 31. Qxe8+ Nxe8 32. Nc6 Ba6 33. Nxa7
Bxe2 34. Nc8 Bc4 35. a4 b5 36. a5 $16) 29. Qb3 Qd7 (29... Qxb3 30. axb3 Rc8 31.
Rxc8+ Bxc8 32. Nc6 $14) 30. Qa3 Bb5 31. Qc1 a6 32. Rc7 Qd6 (32... Qe8 33. Qf4
$14) 33. Qf4 Qxf4 (33... Qg6 34. a3 $14) 34. gxf4 Kf8 (34... Re8 35. a3 Kf8 36.
Rb7 Rc8 37. Bxe4 dxe4 38. Rxb6 $16) 35. e3 Bd3 $2 {[%mdl 8192] Huge tactical
mistake, that just invites white to win decisive tempo for Ne5.} (35... Nd2 36.
h4 $16) 36. Nc6 $1 Re8 37. Ne5 Bb1 38. Rxf7+ Kg8 39. Rb7 Rc8 (39... Bxa2 40.
Rxb6 Ra8 41. Bh3 $18) 40. Bh3 Rc1+ 41. Kg2 Nc3 (41... Bxa2 42. Be6+ Kh8 43.
Rb8+ $18) 42. Be6+ Kh7 43. f5 Ne4 (43... d4 44. Rb8 Bxa2 45. Bxa2 Nxa2 46. Ng6
$18) 44. Bg8+ $1 (44. Bg8+ $1 Kxg8 (44... Kh8 45. Ng6+ Kxg8 46. Rb8+ Kf7 47.
Rf8#) 45. Rb8+ Kh7 46. Ng6 $18) 1-0

[Event "Foros Aerosvit"]
[Site "Foros"]
[Date "2007.06.25"]
[Round "7"]
[White "Sasikiran, Krishnan"]
[Black "Shirov, Alexei"]
[Result "0-1"]
[WhiteElo "2690"]
[BlackElo "2699"]
[Annotator "Ftacnik,L"]
[PlyCount "80"]
[EventDate "2007.06.18"]
[EventType "tourn"]
[EventRounds "11"]
[EventCountry "UKR"]
[EventCategory "18"]
[SourceTitle "CBM 119"]
[Source "ChessBase"]
[SourceDate "2007.08.01"]
[SourceVersion "1"]
[SourceVersionDate "2007.08.01"]
[SourceQuality "1"]

1. d4 Nf6 2. c4 e6 3. Nf3 b6 4. g3 Ba6 5. b3 Bb4+ 6. Bd2 Be7 7. Bg2 c6 8. Bc3
d5 9. Ne5 Nfd7 10. Nxd7 Nxd7 11. Nd2 O-O 12. O-O Rc8 13. e4 c5 14. exd5 exd5
15. dxc5 dxc4 16. c6 cxb3 17. Re1 b2 18. Bxb2 Nc5 19. Nc4 Bxc4 20. Qg4 Bg5 21.
Qxc4 Nd3 22. Be5 $1 Nxe1 23. Rxe1 Bf6 24. Bxf6 Qxf6 25. c7 Qd6 26. Rc1 b5 27.
Qc2 b4 28. Bb7 g6 29. h4 {The board has witnessed a small drama in one of the
key lines of the Queen's Indian Defence. White has sacrificed the exchange for
the chance to tie down the enemy forces with the help of the c-pawn advance.
The big question in this line remains, if the more active party has any chance
for win.} h5 30. Kf1 (30. Kh2 a5 31. Kg2 Kg7 32. Qb2+ Kh7 33. Qc2 Kg7 34. Qc4
a4 35. Bxc8 Rxc8 36. Rc2 b3 {1/2 Georgiev,K (2670)-Komarov,D (2600)/Niksic
1997/ (40)}) (30. Kg2 a5 31. Qc4 Kg7 32. Bxc8 {1/2 Beliavsky,A (2654)-Hracek,Z
(2612)/Germany 2001/}) 30... a5 31. Qc6 $5 $146 {[%mdl 8] An important novelty
in the fight for clarifying the situation. Ivanchuk played 31.Qc5 against
Aronian, and could later have won, but Sasikiran's solution is stronger.} (31.
Qc5 Qxc5 32. Rxc5 a4 33. Ke2 b3 34. axb3 axb3 35. Kd3 Rfe8 36. Kc3 Kf8 37. Kxb3
(37. Ba6 $1 Ke7 38. Re5+ Kd7 39. Bb5+ $18) 37... Ke7 38. Kc4 Kd6 {1/2 Ivanchuk,
V (2750)-Aronian,L (2744)/Monte Carlo 2007/ (46)}) 31... Qxc6 (31... Qe7 32.
Bxc8 Rxc8 33. Re1 Qf8 34. Rd1 $18) 32. Rxc6 a4 33. Ke2 b3 34. axb3 axb3 35. Kd2
Rfe8 36. Ba6 $4 {A bad blunder, that can be to a degree understood in
connection with the last quoted game.} (36. Bxc8 $1 Rxc8 37. Kc3 Kf8 38. Kxb3
Ke7 39. Kc4 Kd7 40. Kd5 Rxc7 41. Rxc7+ Kxc7 42. Ke5 Kd7 43. Kf6 Ke8 44. f4 Kf8
45. f5 gxf5 46. Kxf5 Ke7 47. Kg5 Ke6 48. Kxh5 Kf5 49. Kh6 Kg4 50. h5 $18) 36...
b2 37. Kc2 (37. Bd3 Re7 $19) 37... Re6 $1 38. Rxe6 Rxc7+ 39. Kxb2 fxe6 40. Kb3
Rc1 0-1